[Event "Titled Tuesday intern op 04th Jul Late"]
[Site "Chess.com INT"]
[Date "2023.07.04"]
[Round "2"]
[White "Karttunen, Mika"]
[Black "Sanchez, Roberto Daniel"]
[Result "1/2-1/2"]
[WhiteElo "2490"]
[BlackElo "1976"]
[PlyCount "128"]
[EventDate "2023.07.04"]
[EventType "swiss (blitz)"]
[EventRounds "11"]
[EventCountry "USA"]
[SourceTitle "EXT 2024"]
[Source "ChessBase"]
[SourceDate "2023.10.10"]
[SourceVersion "1"]
[SourceVersionDate "2023.10.10"]
[SourceQuality "1"]

1. e4 e6 2. d4 d5 3. Nc3 Nf6 4. e5 Nfd7 5. f4 c5 6. Nf3 Nc6 7. Be3 Be7 8. Qd2 a6 9. dxc5 Bxc5 10. Nd4 Nxd4 11. Bxd4 b5 12. Qf2 Qe7 13. Bd3 Bxd4 14. Qxd4 Nc5 15. 0-0 0-0 16. f5 Nxd3 17. cxd3 exf5 18. Nxd5 Qd8 19. Qc5 Be6 20. Ne7+ Kh8 21. d4 Re8 22. Nc6 Qd7 23. Qd6 Qb7 24. d5 Bd7 25. Rac1 Bxc6 26. dxc6 Qb6+ 27. Kh1 Qe3 28. c7 Rac8 29. Rfe1 Qf4 30. Qd7 h6 31. b3 Kh7 32. Rf1 Qxe5 33. Qxf5+ Qxf5 34. Rxf5 Re7 35. Rfc5 Kg6 36. Rc6+ Re6 37. R6c5 Kf6 38. Kg1 Ke7 39. R1c2 Kd7 40. Rd5+ Rd6 41. Rdc5 b4 42. Kf2 f6 43. Ke3 Ke6 44. R2c4 Rd5 45. Rc6+ Rd6 46. Ke4 Rxc6 47. Rxc6+ Kd7 48. Rxa6 Rxc7 49. Ra4 Rc2 50. g4 Rxh2 51. Kf5 Ke7 52. Ra7+ Kd6 53. Kg6 Rg2 54. Kxg7 Rxg4+ 55. Kxf6 h5 56. Rh7 Rg2 57. Rxh5 Rxa2 58. Rb5 Ra3 59. Rxb4 Kc5 60. Rb8 Ra5 61. Ke5 Rb5 62. Rxb5+ Kxb5 63. Kd4 Kb4 64. Kd3 Kxb3 1/2-1/2

[Event "Titled Tuesday intern op 04th Jul Early"]
[Site "Chess.com INT"]
[Date "2023.07.04"]
[Round "9"]
[White "Sanchez, Roberto Daniel"]
[Black "Bazilius, Augustinas"]
[Result "1/2-1/2"]
[WhiteElo "1976"]
[BlackElo "2110"]
[PlyCount "125"]
[EventDate "2023.07.04"]
[EventType "swiss (blitz)"]
[EventRounds "11"]
[EventCountry "USA"]
[SourceTitle "EXT 2024"]
[Source "ChessBase"]
[SourceDate "2023.10.10"]
[SourceVersion "1"]
[SourceVersionDate "2023.10.10"]
[SourceQuality "1"]

1. e4 c5 2. Nf3 a6 3. c3 d5 4. exd5 Qxd5 5. d4 Nf6 6. Be2 cxd4 7. cxd4 e6 8. Nc3 Qd8 9. 0-0 Nc6 10. Be3 Bd6 11. h3 0-0 12. Rc1 Nb4 13. Bg5 Be7 14. Ne5 Nbd5 15. Bf3 Nxc3 16. bxc3 Nd5 17. Bxe7 Nxe7 18. Re1 Rb8 19. Rb1 b5 20. a4 Bb7 21. axb5 Bxf3 22. Qxf3 Rxb5 23. Nc6 Qc7 24. Nxe7+ Qxe7 25. d5 Rxb1 26. Rxb1 exd5 27. Qxd5 Rc8 28. c4 g6 29. Rb7 Qf6 30. g3 a5 31. Qxa5 Rxc4 32. Qd5 Rc1+ 33. Kg2 Rc2 34. Qf3 Qe6 35. h4 h5 36. Rb8+ Kg7 37. Qa8 Qc6+ 38. Qxc6 Rxc6 39. Re8 Rf6 40. Re4 Rc6 41. Re8 Kf6 42. Re3 Kf5 43. Re8 f6 44. Re3 Rb6 45. Re8 Rb3 46. Re2 Rb8 47. Re7 Rb3 48. Re2 Rb5 49. Re7 Ra5 50. Re2 Ra7 51. Re8 g5 52. hxg5 fxg5 53. Rh8 Kg6 54. Rg8+ Kh6 55. Rh8+ Kg6 56. Rg8+ Rg7 57. Rxg7+ Kxg7 58. f4 Kf6 59. fxg5+ Kxg5 60. Kh3 Kh6 61. Kh4 Kg6 62. g4 hxg4 63. Kxg4 1/2-1/2

[Event "Titled Tuesday intern op 27th Jun Late"]
[Site "Chess.com INT"]
[Date "2023.06.27"]
[Round "7"]
[White "Lopez del Alamo, Antonio"]
[Black "Sanchez, Roberto Daniel"]
[Result "0-1"]
[WhiteElo "2280"]
[BlackElo "1966"]
[PlyCount "78"]
[EventDate "2023.06.27"]
[EventType "swiss (blitz)"]
[EventRounds "11"]
[EventCountry "USA"]
[SourceTitle "EXT 2024"]
[Source "ChessBase"]
[SourceDate "2023.10.10"]
[SourceVersion "1"]
[SourceVersionDate "2023.10.10"]
[SourceQuality "1"]

1. e4 d5 2. exd5 Qxd5 3. Nc3 Qe6+ 4. Be2 Qg6 5. Bf3 Nc6 6. Nge2 e5 7. Ng3 Bd7 8. 0-0 0-0-0 9. d3 f5 10. a3 Bd6 11. b4 Nd4 12. Rb1 Nxf3+ 13. Qxf3 Ne7 14. a4 Bc6 15. Qe2 h5 16. b5 Bd7 17. f4 h4 18. Nh1 exf4 19. Bxf4 Rde8 20. Bxd6 Qxd6 21. Qd2 h3 22. g3 Kb8 23. d4 g5 24. Nf2 Nd5 25. Nxd5 Qxd5 26. Nd1 f4 27. c4 Qd6 28. Nc3 fxg3 29. hxg3 Qxg3+ 30. Kh1 Bg4 31. d5 Bf3+ 32. Rxf3 Qxf3+ 33. Kh2 Re3 34. d6 Qg3+ 35. Kh1 Rxc3 36. dxc7+ Kxc7 37. Rd1 Qg2+ 38. Qxg2 hxg2+ 39. Kxg2 Rxc4 0-1

[Event "Titled Tuesday intern op 27th Jun Late"]
[Site "Chess.com INT"]
[Date "2023.06.27"]
[Round "3"]
[White "Sanchez, Roberto Daniel"]
[Black "Hajiyev, Kanan"]
[Result "0-1"]
[WhiteElo "1966"]
[BlackElo "2164"]
[PlyCount "112"]
[EventDate "2023.06.27"]
[EventType "swiss (blitz)"]
[EventRounds "11"]
[EventCountry "USA"]
[SourceTitle "EXT 2024"]
[Source "ChessBase"]
[SourceDate "2023.10.10"]
[SourceVersion "1"]
[SourceVersionDate "2023.10.10"]
[SourceQuality "1"]

1. e4 c6 2. Nf3 d5 3. Nc3 a6 4. exd5 cxd5 5. d4 Nc6 6. Bd3 Bg4 7. Be3 e6 8. h3 Bh5 9. 0-0 Nf6 10. Re1 Bb4 11. a3 Bxc3 12. bxc3 0-0 13. Rb1 Na5 14. g4 Bg6 15. Ne5 Rc8 16. Qd2 b5 17. h4 Nc4 18. Bxc4 dxc4 19. h5 Be4 20. f3 Ba8 21. Bg5 Qd5 22. Bxf6 gxf6 23. Qh6 Qd8 24. Re2 fxe5 25. Rxe5 Kh8 26. Rbe1 Rg8 27. g5 Bd5 28. f4 f6 29. g6 Rc7 30. R5e3 Qf8 31. Qxf8 Rxf8 32. f5 hxg6 33. fxg6 Kg7 34. Rxe6 Bxe6 35. Rxe6 Rh8 36. Rxa6 Rb7 37. a4 bxa4 38. Rxa4 Rc7 39. Ra5 Kh6 40. Kf2 Re8 41. Kf3 Rce7 42. d5 Re3+ 43. Kf4 Re2 44. d6 Rf2+ 45. Kg3 Rxc2 46. d7 Rd8 47. Rd5 Rxc3+ 48. Kf4 Rd3 49. Rc5 c3 50. Rc6 R8xd7 51. Rxf6 R7d4+ 52. Ke5 c2 53. Rf7 Kxh5 54. g7 Rd5+ 55. Ke4 R3d4+ 56. Ke3 Rg4 0-1

[Event "Titled Tuesday intern op 20th Jun Late"]
[Site "Chess.com INT"]
[Date "2023.06.20"]
[Round "9"]
[White "Campos, Maria Jose"]
[Black "Sanchez, Roberto Daniel"]
[Result "0-1"]
[WhiteElo "2219"]
[BlackElo "1966"]
[PlyCount "88"]
[EventDate "2023.06.20"]
[EventType "swiss (blitz)"]
[EventRounds "11"]
[EventCountry "USA"]
[SourceTitle "EXT 2024"]
[Source "ChessBase"]
[SourceDate "2023.10.10"]
[SourceVersion "1"]
[SourceVersionDate "2023.10.10"]
[SourceQuality "1"]

1. c4 Nf6 2. Nc3 g6 3. g3 d6 4. Bg2 Bg7 5. e4 0-0 6. Nge2 Nbd7 7. d3 e5 8. Rb1 h6 9. 0-0 c6 10. b4 Qe7 11. Bb2 Nh7 12. b5 f5 13. exf5 gxf5 14. bxc6 bxc6 15. Bxc6 Rb8 16. Ba1 Nb6 17. Bg2 Be6 18. Kh1 f4 19. Ne4 f3 20. c5 fxg2+ 21. Kxg2 dxc5 22. Qd2 c4 23. Bc3 cxd3 24. Qxd3 Bc4 25. Qc2 Rfc8 26. Bb4 Qe6 27. Qd2 Rd8 28. Qe1 Ng5 29. Nxg5 hxg5 30. a3 g4 31. Kg1 Bd5 32. Nc3 Bb7 33. Qe2 Qc6 34. f3 gxf3 35. Qf2 e4 36. Rfe1 Bd4 37. Re3 Bxe3 38. Qxe3 Qg6 39. Nd1 Nd5 40. Qb3 Kh7 41. Nf2 Nxb4 42. Qxb4 e3 43. Qe7+ Kg8 44. Nh3 Qxb1# 0-1

[Event "Titled Tuesday intern op 20th Jun Early"]
[Site "Chess.com INT"]
[Date "2023.06.20"]
[Round "2"]
[White "Gatterer, Florian"]
[Black "Sanchez, Roberto Daniel"]
[Result "0-1"]
[WhiteElo "2170"]
[BlackElo "1966"]
[PlyCount "64"]
[EventDate "2023.06.20"]
[EventType "swiss (blitz)"]
[EventRounds "11"]
[EventCountry "USA"]
[SourceTitle "EXT 2024"]
[Source "ChessBase"]
[SourceDate "2023.10.10"]
[SourceVersion "1"]
[SourceVersionDate "2023.10.10"]
[SourceQuality "1"]

1. c4 Nf6 2. Nf3 g6 3. b3 d6 4. Bb2 Bg7 5. d4 0-0 6. g3 Nbd7 7. Bg2 h6 8. 0-0 c6 9. Nc3 Re8 10. e4 e5 11. h3 Qe7 12. d5 Nc5 13. Re1 a5 14. Qd2 cxd5 15. cxd5 Nh5 16. Ba3 b6 17. Bf1 f5 18. Rac1 fxe4 19. Nxe4 Rf8 20. Nh4 Kh7 21. Nxc5 bxc5 22. Bd3 Nf4 23. Be4 Nxh3+ 24. Kh1 Nxf2+ 25. Kg2 Nxe4 26. Rxe4 g5 27. Qd3 Kg8 28. Ng6 Qf7 29. Nxf8 Bf5 30. Rf1 Rxf8 31. Kg1 Bxe4 32. Qe2 Qxf1+ 0-1

[Event "Titled Tuesday intern op 20th Jun Late"]
[Site "Chess.com INT"]
[Date "2023.06.20"]
[Round "11"]
[White "Hoffmann, Asa"]
[Black "Sanchez, Roberto Daniel"]
[Result "1-0"]
[WhiteElo "2185"]
[BlackElo "1966"]
[PlyCount "91"]
[EventDate "2023.06.20"]
[EventType "swiss (blitz)"]
[EventRounds "11"]
[EventCountry "USA"]
[SourceTitle "EXT 2024"]
[Source "ChessBase"]
[SourceDate "2023.10.10"]
[SourceVersion "1"]
[SourceVersionDate "2023.10.10"]
[SourceQuality "1"]

1. Nc3 e6 2. e4 d5 3. Qe2 Nf6 4. d3 c5 5. e5 Nfd7 6. f4 Nc6 7. Nf3 Be7 8. g3 0-0 9. h4 f6 10. Bh3 Kh8 11. Bxe6 Ndxe5 12. Bxd5 Nxf3+ 13. Qxf3 Nd4 14. Qg2 Bg4 15. 0-0 Rb8 16. a4 a6 17. a5 Qd7 18. Re1 Bd6 19. Be3 b5 20. axb6 Rxb6 21. b3 Nf5 22. Bf2 Bc7 23. Be4 Rc8 24. Bxc5 Rbb8 25. b4 Bd6 26. Na4 Bxc5+ 27. Nxc5 Qd4+ 28. Qf2 Qxb4 29. Nxa6 Qc3 30. Nxb8 Rxb8 31. Rab1 Rf8 32. Kh2 h5 33. Rb3 Qc7 34. Reb1 Nh6 35. c4 Bd1 36. Qb6 Ng4+ 37. Kg1 Qd7 38. Rxd1 f5 39. Bf3 Qe7 40. Bxg4 hxg4 41. Qf2 Rd8 42. d4 Qe4 43. Re3 Qc6 44. c5 Qa4 45. Qd2 Rd5 46. Re5 1-0

[Event "Titled Tuesday intern op 20th Jun Early"]
[Site "Chess.com INT"]
[Date "2023.06.20"]
[Round "9"]
[White "Novikova, Galina"]
[Black "Sanchez, Roberto Daniel"]
[Result "1-0"]
[WhiteElo "2073"]
[BlackElo "1966"]
[PlyCount "39"]
[EventDate "2023.06.20"]
[EventType "swiss (blitz)"]
[EventRounds "11"]
[EventCountry "USA"]
[SourceTitle "EXT 2024"]
[Source "ChessBase"]
[SourceDate "2023.10.10"]
[SourceVersion "1"]
[SourceVersionDate "2023.10.10"]
[SourceQuality "1"]

1. e4 e6 2. Nf3 d5 3. e5 c5 4. b4 c4 5. c3 Nc6 6. d3 cxd3 7. Bxd3 Nge7 8. 0-0 Ng6 9. Re1 Be7 10. a4 0-0 11. a5 a6 12. g3 Bd7 13. h4 f5 14. exf6 Bxf6 15. Ng5 Nge5 16. Bxh7+ Kh8 17. Qh5 Bxg5 18. Bxg5 Nf3+ 19. Kh1 Nxg5 20. hxg5 1-0

[Event "Titled Tuesday intern op 20th Jun Late"]
[Site "Chess.com INT"]
[Date "2023.06.20"]
[Round "2"]
[White "Sanchez, Roberto Daniel"]
[Black "Pullela, Sricharan"]
[Result "1-0"]
[WhiteElo "1966"]
[BlackElo "1996"]
[PlyCount "109"]
[EventDate "2023.06.20"]
[EventType "swiss (blitz)"]
[EventRounds "11"]
[EventCountry "USA"]
[SourceTitle "EXT 2024"]
[Source "ChessBase"]
[SourceDate "2023.10.10"]
[SourceVersion "1"]
[SourceVersionDate "2023.10.10"]
[SourceQuality "1"]

1. Nf3 Nf6 2. e3 g6 3. c4 Bg7 4. Nc3 d6 5. d4 0-0 6. Be2 c5 7. 0-0 cxd4 8. exd4 Bf5 9. h3 a6 10. Qb3 Qc7 11. Bg5 h6 12. Bxf6 Bxf6 13. Nd5 Qc6 14. Rac1 Nd7 15. Nxf6+ Nxf6 16. Nh4 Bd7 17. Bf3 Qc7 18. g4 g5 19. Ng2 Rab8 20. Rfe1 e6 21. Qc3 Qd8 22. Qe3 Kg7 23. h4 gxh4 24. g5 hxg5 25. Qxg5+ Kh8 26. Be4 Nxe4 27. Qh6+ Kg8 28. Rxe4 f5 29. Rxh4 Qe7 30. Rh5 Kf7 31. Nf4 Qf6 32. Qh7+ Qg7+ 33. Qxg7+ Kxg7 34. Rc3 Rh8 35. Rg3+ Kf6 36. Rg6+ Kf7 37. Rhg5 Rbg8 38. Kf1 Rxg6 39. Rxg6 Rh1+ 40. Kg2 Rc1 41. b3 Rc2 42. a4 Rb2 43. Rg3 Kf6 44. Nh5+ Kf7 45. Rg7+ Ke8 46. Nf6+ Kd8 47. Rxd7+ Kc8 48. Rxd6 Rxb3 49. Rxe6 Rb4 50. Re8+ Kc7 51. Nd5+ Kd7 52. Nxb4 Kxe8 53. Kf3 Kd7 54. Kf4 Ke6 55. Nd3 1-0

[Event "Titled Tuesday intern op 20th Jun Early"]
[Site "Chess.com INT"]
[Date "2023.06.20"]
[Round "7"]
[White "Sanchez, Roberto Daniel"]
[Black "Rosenberg, Evan"]
[Result "1-0"]
[WhiteElo "1966"]
[BlackElo "1970"]
[PlyCount "48"]
[EventDate "2023.06.20"]
[EventType "swiss (blitz)"]
[EventRounds "11"]
[EventCountry "USA"]
[SourceTitle "EXT 2024"]
[Source "ChessBase"]
[SourceDate "2023.10.10"]
[SourceVersion "1"]
[SourceVersionDate "2023.10.10"]
[SourceQuality "1"]

1. e4 c5 2. Nf3 g6 3. d4 cxd4 4. c3 Bg7 5. Bc4 Nf6 6. e5 Ng4 7. Bxf7+ Kxf7 8. Ng5+ Kg8 9. Qxg4 Bxe5 10. 0-0 d6 11. Qe2 Nc6 12. f4 Bf6 13. Nd2 dxc3 14. bxc3 Bxc3 15. Qc4+ d5 16. Qxc3 h6 17. Qxh8+ Kxh8 18. Nf7+ Kg7 19. Nxd8 Nxd8 20. Bb2+ Kf7 21. Nf3 Nc6 22. Rac1 Bf5 23. Nd4 Nxd4 24. Bxd4 Be4 1-0

[Event "Titled Tuesday intern op 20th Jun Late"]
[Site "Chess.com INT"]
[Date "2023.06.20"]
[Round "8"]
[White "Sanchez, Roberto Daniel"]
[Black "Shapiro, Daniel E"]
[Result "0-1"]
[WhiteElo "1966"]
[BlackElo "2284"]
[PlyCount "86"]
[EventDate "2023.06.20"]
[EventType "swiss (blitz)"]
[EventRounds "11"]
[EventCountry "USA"]
[SourceTitle "EXT 2024"]
[Source "ChessBase"]
[SourceDate "2023.10.10"]
[SourceVersion "1"]
[SourceVersionDate "2023.10.10"]
[SourceQuality "1"]

1. e4 e5 2. Nf3 Nc6 3. Bb5 a6 4. Ba4 Nf6 5. d3 b5 6. Bb3 Bd6 7. 0-0 h6 8. c3 0-0 9. Re1 Re8 10. Nbd2 Bb7 11. Nf1 Bf8 12. Ng3 d5 13. exd5 Nxd5 14. d4 Na5 15. Nxe5 Nxb3 16. axb3 c5 17. Be3 Nxe3 18. fxe3 Qg5 19. Qd2 Rad8 20. Qf2 f6 21. Nf3 Qg4 22. h3 Qg6 23. Nh4 Qg5 24. Nf3 Qg6 25. Rad1 Bd6 26. Nf1 Be4 27. N3h2 Bc2 28. Rd2 Bxb3 29. Qf3 cxd4 30. cxd4 Bb4 31. Rde2 Bxe1 32. Rxe1 Bd5 33. Qf2 Be4 34. Ng3 Bb7 35. Nf3 f5 36. Nh4 Qf6 37. Nhxf5 Kh7 38. Qf4 g6 39. Qxh6+ Kg8 40. Rf1 Rf8 41. e4 gxf5 42. Qxf6 Rxf6 43. Nxf5 Bxe4 0-1

[Event "Titled Tuesday intern op 20th Jun Early"]
[Site "Chess.com INT"]
[Date "2023.06.20"]
[Round "10"]
[White "Sanchez, Roberto Daniel"]
[Black "Vaglio Munoz, Jaime"]
[Result "1-0"]
[WhiteElo "1966"]
[BlackElo "2174"]
[PlyCount "133"]
[EventDate "2023.06.20"]
[EventType "swiss (blitz)"]
[EventRounds "11"]
[EventCountry "USA"]
[SourceTitle "EXT 2024"]
[Source "ChessBase"]
[SourceDate "2023.10.10"]
[SourceVersion "1"]
[SourceVersionDate "2023.10.10"]
[SourceQuality "1"]

1. e4 c5 2. Nf3 Qa5 3. Nc3 a6 4. d4 b5 5. dxc5 e6 6. Bd3 b4 7. Ne2 Bxc5 8. 0-0 Bb7 9. Ng3 Nf6 10. e5 Nd5 11. Ne4 Be7 12. Bg5 Bf8 13. Re1 h6 14. Bd2 Qc7 15. Rc1 Nc6 16. c4 bxc3 17. Nxc3 Nxc3 18. Bxc3 Be7 19. Bb1 Qb6 20. Nd4 Rd8 21. Qg4 Bg5 22. Rcd1 Nxd4 23. Bxd4 Qc6 24. Be4 Qc8 25. Bxb7 Qxb7 26. f4 Be7 27. Qxg7 Rf8 28. Qxh6 d6 29. exd6 Rxd6 30. Bg7 Qb6+ 31. Kh1 Qf2 32. Bxf8 Rd2 33. Rg1 Bxf8 34. Rxd2 Qxd2 35. Qh3 Bc5 36. Rf1 Ke7 37. f5 e5 38. f6+ Kd6 39. Qb3 Bd4 40. Qxf7 Qe2 41. Ra1 Qxb2 42. Rd1 Qc2 43. Qb3 Qe2 44. f7 Qf2 45. h3 e4 46. Rxd4+ Qxd4 47. f8Q+ Kd7 48. Qb7+ Ke6 49. Qff7+ Kd6 50. Qfd7+ Ke5 51. Qxd4+ Kxd4 52. Kg1 e3 53. Kf1 Kd3 54. Ke1 e2 55. h4 Ke3 56. h5 Kf4 57. h6 Kg3 58. h7 Kh2 59. h8Q+ Kg1 60. Qd4+ Kh2 61. Kxe2 Kh1 62. Kd3 Kh2 63. Qb1 Kg3 64. Qe3+ Kh2 65. Qf4+ Kxg2 66. Qg4+ Kf2 67. Qbg1# 1-0

[Event "Titled Tuesday intern op 20th Jun Early"]
[Site "Chess.com INT"]
[Date "2023.06.20"]
[Round "1"]
[White "Sanchez, Roberto Daniel"]
[Black "Yelisieiev, Yevhenii"]
[Result "0-1"]
[WhiteElo "1966"]
[BlackElo "2418"]
[PlyCount "156"]
[EventDate "2023.06.20"]
[EventType "swiss (blitz)"]
[EventRounds "11"]
[EventCountry "USA"]
[SourceTitle "EXT 2024"]
[Source "ChessBase"]
[SourceDate "2023.10.10"]
[SourceVersion "1"]
[SourceVersionDate "2023.10.10"]
[SourceQuality "1"]

1. e4 d6 2. d4 Nf6 3. Nc3 e5 4. Nf3 Nbd7 5. Bc4 Be7 6. 0-0 0-0 7. a4 c6 8. h3 a5 9. Re1 Nb6 10. Bb3 Nfd7 11. Be3 exd4 12. Nxd4 Nc5 13. Nf5 Bxf5 14. exf5 Nxb3 15. cxb3 d5 16. Bxb6 Qd7 17. Qf3 Rfe8 18. Rad1 Bb4 19. f6 Rxe1+ 20. Rxe1 g6 21. Rd1 Re8 22. Be3 Re6 23. Bg5 Qe8 24. g3 Bf8 25. Qf4 Bd6 26. Qh4 Bc5 27. Rd3 Re1+ 28. Kg2 Qe5 29. Qf4 Qe8 30. Nd1 Re4 31. Qf3 Bf8 32. Bd2 Bc5 33. Be3 Bb4 34. Nc3 Re6 35. Bg5 Bf8 36. h4 h6 37. Bc1 Qd8 38. Nd1 Rxf6 39. Qe2 Bg7 40. Ne3 Re6 41. Qf3 Qe7 42. Ng4 h5 43. Ne3 Rf6 44. Qe2 Re6 45. Qd1 Re4 46. Bd2 Qe5 47. Bc3 d4 48. Nc4 Qd5 49. Bd2 Re1+ 50. Qf3 Re4 51. Nb6 Qe6 52. Nc4 f5 53. Nxa5 Re2 54. Bf4 Rxb2 55. Nxb7 Kh7 56. Nc5 Qe1 57. Kh2 Rb1 58. Qg2 Qe7 59. Rd2 Qxc5 60. Re2 Qd5 61. Qxd5 cxd5 62. Re7 Kg8 63. Re8+ Kf7 64. Rd8 Rxb3 65. Rxd5 Rb4 66. Kg2 Rxa4 67. Kf3 Ke6 68. Rd8 Ra3+ 69. Ke2 Ra2+ 70. Kf3 Ra3+ 71. Ke2 Bf6 72. Rb8 Kd5 73. Rb6 Ra2+ 74. Kf3 Ra3+ 75. Ke2 Be7 76. Rxg6 d3+ 77. Kd1 Bb4 78. Bh6 Ra1+ 0-1

[Event "Titled Tuesday intern op 13th Jun Early"]
[Site "Chess.com INT"]
[Date "2023.06.13"]
[Round "5"]
[White "Bashirli, Saadat"]
[Black "Sanchez, Roberto Daniel"]
[Result "1-0"]
[WhiteElo "1647"]
[BlackElo "1966"]
[PlyCount "65"]
[EventDate "2023.06.13"]
[EventType "swiss (blitz)"]
[EventRounds "11"]
[EventCountry "USA"]
[SourceTitle "EXT 2024"]
[Source "ChessBase"]
[SourceDate "2023.10.10"]
[SourceVersion "1"]
[SourceVersionDate "2023.10.10"]
[SourceQuality "1"]

1. d4 Nf6 2. e3 d5 3. f4 b6 4. Bd3 Ba6 5. Nf3 Bxd3 6. cxd3 e6 7. Nc3 Be7 8. 0-0 0-0 9. e4 dxe4 10. dxe4 c5 11. d5 exd5 12. exd5 a6 13. a4 Re8 14. Ne5 Bd6 15. Nc4 Qc7 16. Qf3 Nbd7 17. b3 Rab8 18. Ne3 b5 19. axb5 axb5 20. Nf5 b4 21. Qg3 g6 22. Nd1 Nb6 23. Bb2 Nbxd5 24. Qg5 Be7 25. Re1 Rb6 26. Be5 Qd7 27. Nh6+ Kf8 28. Nf2 Ne4 29. Qg4 Qxg4 30. Nfxg4 f5 31. Ra7 Nec3 32. Nf2 Bf6 33. Rf7# 1-0

[Event "Titled Tuesday intern op 13th Jun Early"]
[Site "Chess.com INT"]
[Date "2023.06.13"]
[Round "10"]
[White "Sanchez, Roberto Daniel"]
[Black "Mazurkiewicz, Michal"]
[Result "0-1"]
[WhiteElo "1966"]
[BlackElo "2145"]
[PlyCount "42"]
[EventDate "2023.06.13"]
[EventType "swiss (blitz)"]
[EventRounds "11"]
[EventCountry "USA"]
[SourceTitle "EXT 2024"]
[Source "ChessBase"]
[SourceDate "2023.10.10"]
[SourceVersion "1"]
[SourceVersionDate "2023.10.10"]
[SourceQuality "1"]

1. e4 d6 2. Nf3 Nf6 3. Nc3 c6 4. d4 Bg4 5. h3 Bh5 6. Be2 e6 7. 0-0 d5 8. e5 Nfd7 9. Ng5 Bg6 10. Bd3 Be7 11. Nf3 c5 12. Bxg6 hxg6 13. Ne2 Nc6 14. c3 Qb6 15. Be3 cxd4 16. Nexd4 Qc7 17. Bf4 Ncxe5 18. Re1 Nxf3+ 19. Qxf3 Qb6 20. c4 Qxd4 21. Rad1 Qxc4 0-1

[Event "Titled Tuesday intern op 13th Jun Early"]
[Site "Chess.com INT"]
[Date "2023.06.13"]
[Round "6"]
[White "Sanchez, Roberto Daniel"]
[Black "Rosenberg, Evan"]
[Result "0-1"]
[WhiteElo "1966"]
[BlackElo "1970"]
[PlyCount "114"]
[EventDate "2023.06.13"]
[EventType "swiss (blitz)"]
[EventRounds "11"]
[EventCountry "USA"]
[SourceTitle "EXT 2024"]
[Source "ChessBase"]
[SourceDate "2023.10.10"]
[SourceVersion "1"]
[SourceVersionDate "2023.10.10"]
[SourceQuality "1"]

1. e4 c5 2. Nf3 g6 3. d4 cxd4 4. c3 Nf6 5. e5 Nd5 6. Bc4 Nb6 7. Bb3 Bg7 8. h4 h5 9. Bxf7+ Kxf7 10. Ng5+ Kg8 11. cxd4 Nd5 12. Qf3 Qf8 13. Qxd5+ e6 14. Qb3 Nc6 15. Qd3 Qf5 16. Qd1 b6 17. 0-0 Bb7 18. Nc3 Rf8 19. Be3 Ba6 20. Re1 Bh6 21. Qa4 Bb7 22. f4 Bxg5 23. hxg5 Qg4 24. Qc2 Nb4 25. Qe2 Qg3 26. a3 Nd3 27. Rf1 Nxf4 28. Bxf4 Rxf4 29. Rxf4 Qxf4 30. d5 Qxg5 31. Rf1 Kg7 32. Qb5 Rd8 33. Qe2 Bxd5 34. Nxd5 exd5 35. e6 dxe6 36. Qxe6 d4 37. Rf7+ Kh6 38. Re7 Qe3+ 39. Qxe3+ dxe3 40. Rxe3 Rd2 41. Re7 a5 42. b4 a4 43. Re6 b5 44. Re5 Ra2 45. Rxb5 Rxa3 46. Ra5 Rb3 47. b5 a3 48. b6 Rxb6 49. Rxa3 g5 50. Kh2 g4 51. Kg3 Kg5 52. Ra5+ Kg6 53. Kh4 Rb2 54. Rg5+ Kf6 55. Rxh5 Rxg2 56. Rh6+ Kg7 57. Rh8 Kxh8 0-1

[Event "Titled Tuesday intern op 13th Jun Early"]
[Site "Chess.com INT"]
[Date "2023.06.13"]
[Round "11"]
[White "Tarasova, Viktoriya"]
[Black "Sanchez, Roberto Daniel"]
[Result "0-1"]
[WhiteElo "2226"]
[BlackElo "1966"]
[PlyCount "76"]
[EventDate "2023.06.13"]
[EventType "swiss (blitz)"]
[EventRounds "11"]
[EventCountry "USA"]
[SourceTitle "EXT 2024"]
[Source "ChessBase"]
[SourceDate "2023.10.10"]
[SourceVersion "1"]
[SourceVersionDate "2023.10.10"]
[SourceQuality "1"]

1. d4 Nf6 2. c4 g6 3. Nc3 Bg7 4. e4 d6 5. h3 0-0 6. Be3 Nbd7 7. Be2 e5 8. d5 Qe7 9. g4 b6 10. Qc2 Nc5 11. f3 a5 12. h4 Bd7 13. h5 c6 14. 0-0-0 cxd5 15. exd5 e4 16. h6 Bh8 17. Bg5 Rfe8 18. Nh3 exf3 19. Bxf3 Qf8 20. Qg2 b5 21. cxb5 Rec8 22. Kb1 Rcb8 23. Be2 a4 24. Rhf1 Nfe4 25. Nxe4 Nxe4 26. Qxe4 f5 27. Qb4 Qe8 28. Nf4 Bxb5 29. Bxb5 Rxb5 30. Rfe1 Rxb4 31. Rxe8+ Rxe8 32. Nd3 Rd4 33. gxf5 Rxd5 34. Bf4 Be5 35. fxg6 Bxf4 36. gxh7+ Kxh7 37. Rf1 Rxd3 38. Rxf4 Re7 0-1

[Event "Titled Tuesday intern op 06th Jun Late"]
[Site "Chess.com INT"]
[Date "2023.06.06"]
[Round "10"]
[White "Rian, Kapriaga"]
[Black "Sanchez, Roberto Daniel"]
[Result "1-0"]
[WhiteElo "2089"]
[BlackElo "1966"]
[PlyCount "63"]
[EventDate "2023.06.06"]
[EventType "swiss (blitz)"]
[EventRounds "11"]
[EventCountry "USA"]
[SourceTitle "EXT 2024"]
[Source "ChessBase"]
[SourceDate "2023.10.10"]
[SourceVersion "1"]
[SourceVersionDate "2023.10.10"]
[SourceQuality "1"]

1. d4 Nf6 2. Nf3 g6 3. e3 Bg7 4. b3 d6 5. Bb2 0-0 6. Nbd2 Nbd7 7. Be2 Re8 8. 0-0 e5 9. dxe5 Nxe5 10. Nxe5 dxe5 11. e4 Qe7 12. Bc4 a6 13. a4 Bd7 14. Qe2 Bc6 15. f3 b5 16. axb5 axb5 17. Bd3 Nh5 18. g3 Qg5 19. Kh1 f5 20. Rxa8 Rxa8 21. Bc1 f4 22. g4 Nf6 23. Bxb5 Bxb5 24. Qxb5 h5 25. gxh5 Qxh5 26. Bb2 Rd8 27. Nc4 Rd1 28. Nxe5 Rxf1+ 29. Qxf1 Nxe4 30. Qc4+ Kh7 31. Qxe4 Qh3 32. Qxg6+ 1-0

[Event "Titled Tuesday intern op 06th Jun Late"]
[Site "Chess.com INT"]
[Date "2023.06.06"]
[Round "3"]
[White "Sanchez, Roberto Daniel"]
[Black "Gadimbayli, Abdulla Azar"]
[Result "1/2-1/2"]
[WhiteElo "1966"]
[BlackElo "2483"]
[PlyCount "42"]
[EventDate "2023.06.06"]
[EventType "swiss (blitz)"]
[EventRounds "11"]
[EventCountry "USA"]
[SourceTitle "EXT 2024"]
[Source "ChessBase"]
[SourceDate "2023.10.10"]
[SourceVersion "1"]
[SourceVersionDate "2023.10.10"]
[SourceQuality "1"]

1. e4 c5 2. Nf3 d6 3. d4 cxd4 4. Nxd4 Nf6 5. Nc3 a6 6. Be3 e5 7. Nb3 Be7 8. f3 0-0 9. Qd2 b5 10. 0-0-0 Be6 11. g4 Nc6 12. g5 Nh5 13. Nd5 Rc8 14. Kb1 Bxd5 15. exd5 Nb8 16. Bh3 Nd7 17. Bg4 Nf4 18. Bxf4 exf4 19. Bxd7 Qxd7 20. h4 Bd8 21. Nd4 Bb6 1/2-1/2